000
00233nam a22000977a 4500
100
_a
Chandralekha, K.
245
_a
Rubber Bordinte vikasanapadhathikal
260
_b
Rubber, 710(July): 12-14.
_c
2025
300
_b
Malayalam
942
_c
JS
999
_c
75553
_d
75553